Rubber chemicals scene: Global demand set to grow (Record no. 67510)

MARC details
000 -LEADER
fixed length control field 00657nam a2200121Ia 4500
245 #0 - TITLE STATEMENT
Title Rubber chemicals scene: Global demand set to grow
260 ## - PUBLICATION, DISTRIBUTION, ETC. (IMPRINT)
Name of publisher Rubber Asia
Year of publication 2013
300 ## - PHYSICAL DESCRIPTION
Number of Pages 78
520 ## - SUMMARY, ETC.
Summary, etc World demand for rubber processing chemicals, which strongly tracks rubber consumption trends, will rise thanks to increased motor vehicle ownership rates and the consequent increased demand for tyre rubber, the main market for rubber chemicals. Meanwhile, non-tyre rubber chemicals demand will benefit from continuing industrialization in the developing world.
650 ## - SUBJECT ADDED ENTRY--TOPICAL TERM
Topical Term Rubber chemicals
942 ## - ADDED ENTRY ELEMENTS (KOHA)
Koha item type Journals
Holdings
Withdrawn status Lost status Damaged status Not for loan Home library Current library Shelving location Date acquired Serial Enumeration / chronology Koha item type
      Journals RRII Library RRII Library Rubber technology 22/08/2013 Volume 27, Issue 1 Journals